Электромашиностроение и электрооборудование: республиканский межведомственный научно-технический сборник

Bibliographische Detailangaben
Sprache:Russisch
Veröffentlicht: Киев, Технiка, 1965-1992
Format: MixedMaterials Schriftenreihe
KOHA link:https://koha.lib.tpu.ru/cgi-bin/koha/opac-detail.pl?biblionumber=31658

MARC

LEADER 00000nas1a2200000 4500
001 31658
005 20231030204535.0
011 |a 0132-392Х 
035 |a (RuTPU)RU\TPU\book\31949 
035 |a BOOK00000028 
090 |a 31658 
100 |a 20011210d1965 k y0rusy50 ca 
101 0 |a rus 
102 |a UA 
110 |a zyuzz 0uu0 
200 1 |a Электромашиностроение и электрооборудование  |e республиканский межведомственный научно-технический сборник 
210 |a Киев  |c Технiка  |a Харьков  |c Изд-во Харьковского ун-та  |d 1965-1992 
801 0 |a UA  |b 63413507  |c 20011210  |g PSBO 
801 2 |a RU  |b 63413507  |c 20231009  |g PSBO 
942 |c CR